Derecho Fiscal / Raúl Rodríguez Lobato (Registro nro. 23253)
[ vista simple ]
| 000 -LÍDER | |
|---|---|
| fixed length control field | 00457nam a2200157 4500 |
| 008 - ELEMENTOS DE LONGITUD FIJA -- INFORMACIÓN GENERAL | |
| fixed length control field | 0 1998 0a 000 0Mex |
| 020 ## - NÚMERO INTERNACIONAL NORMALIZADO PARA LIBROS | |
| ISBN | 978-968-6034-73-8 |
| 050 ## - SIGNATURA TOPOGRAFICA DE LA BIBLIOTECA DEL CONGRESO (LC) | |
| Número de Clasificación | KGF4589 R624 1998 |
| 082 ## - NUMERO DE CLASIFICACION DECIMAL DEWEY | |
| Número de Clasificación | 343.052 R696d |
| 100 ## - ASIENTO PRINCIPAL--NOMBRE PERSONAL | |
| Nombre personal | Rodríguez Lobato, Raúl |
| 245 ## - TÍTULO | |
| Título | Derecho Fiscal / Raúl Rodríguez Lobato |
| 250 ## - MENCIÓN DE EDICIÓN | |
| Mención de edición | 2 |
| 260 ## - PUBLICACIÓN, DISTRIBUCIÓN, ETC. (PIE DE IMPRENTA) | |
| Lugar de publicación, distribución, etc. | Mexico : Oxford |
| 300 ## - DESCRIPCIÓN FÍSICA | |
| Extensión | xvi, 309 p. / 23 cm. |
| 650 ## - ASIENTO SECUNDARIO DE MATERIA - TERMINO TEMÁTICO | |
| Término temático o nombre geográfico como elemento de entrada | 1. DERECHO FISCAL / 2. IMPUESTO LEGISLATIVO |
| No. biblioteca | No. biblioteca | Número de clasificación | Código de barras/Número de adquisición | Número de copia | Tipo de material |
|---|---|---|---|---|---|
| AREA DE ADMINISTRACIÓN | AREA DE ADMINISTRACIÓN | 343.052 R696d | 50213 | 1 | Libros |
| AREA DE ADMINISTRACIÓN | AREA DE ADMINISTRACIÓN | 343.052 R696d | 52379 | 2 | Libros |
| AREA DE ADMINISTRACIÓN | AREA DE ADMINISTRACIÓN | 343.052 R696d | 52381 | 4 | Libros |
| AREA DE ADMINISTRACIÓN | AREA DE ADMINISTRACIÓN | 343.052 R696d | 52382 | 5 | Libros |
| AREA DE ADMINISTRACIÓN | AREA DE ADMINISTRACIÓN | 343.052 R696d | 52383 | 6 | Libros |
| AREA DE ADMINISTRACIÓN | LUIS G. INCLAN | 343.052 R696d | 52380 | 3 | Libros |
